| 000 -CABECERA |
| Longitud fija campo de control |
00596nam a2200169 a 4500 |
| 001 - NÚMERO DE CONTROL |
| Número de control |
3224 |
| 003 - IDENTIFICADOR DEL NÚMERO DE CONTROL |
| Identificador del número de control |
CDMR |
| 005 - FECHA Y HORA DE LA ÚLTIMA TRANSACCIÓN |
| Fecha y hora de la última transacción |
20130611101630.0 |
| 008 - CÓDIGOS DE INFORMACIÓN DE LONGITUD FIJA |
| Códigos de información de longitud fija |
130130s1975||||||||||||||||||||||||||||d |
| 020 ## - NÚMERO INTERNACIONAL NORMALIZADO PARA LIBROS |
| Número Internacional Normalizado para Libros (ISBN) |
8429900683 |
| 040 ## - FUENTE DE LA CATALOGACIÓN |
| Centro catalogador de origen |
CDMR |
| Lengua de catalogación |
cat |
| Centro transcriptor |
CDMR |
| 100 1# - PUNTO DE ACCESO PRINCIPAL-NOMBRE DE PERSONA |
| Nombre de persona |
Blom-Dahl Andersen, Christen A. |
| 9 (RLIN) |
2337 |
| 245 10 - MENCIÓN DE TÍTULO |
| Título |
Principios generales de la comunicación visual |
| Resto del título |
: la visión y sus ámbitos cósmico, cerebral y cinematográfico |
| Mención de responsabilidad, etc. |
Chr. A. Blom-Dahl Andersen ; prólogo: Fernando Senent Pérez |
| 260 ## - PUBLICACIÓN, DISTRIBUCIÓN, ETC. (PIE DE IMPRENTA) |
| Lugar de publicación, distribución, etc. |
Madrid |
| Fecha de publicación, distribución, etc. |
1975 |
| Nombre del editor, distribuidor, etc. |
Seminarios y Ediciones |
| 650 04 - PUNTO DE ACCESO ADICIONAL DE MATERIA - TÉRMINO DE MATERIA |
| 9 (RLIN) |
3737 |
| Término de materia o nombre geográfico como elemento inicial |
Comunicació visual |
| 942 ## - ENTRADA DE ELEMENTOS AGREGADOS (KOHA) |
| Koha [por defecto] tipo de item |
Monografies |
| Fuente de clasificaión o esquema |
|